Οι κοινωνικές επιπτώσεις του τουρισμού στους νομούς Κερκύρας και Λασιθίου
Αποθηκεύτηκε σε:
| Κύριος συγγραφέας: | |
|---|---|
| Συλλογικό Έργο: | , |
| Άλλοι συγγραφείς: | , , |
| Μορφή: | Βιβλίο |
| Γλώσσα: | Greek |
| Δημοσίευση: |
Αθήνα :
ΕΚΚΕ,
1995.
|
| Θέματα: | |
| Ετικέτες: |
Προσθήκη ετικέτας
Δεν υπάρχουν, Καταχωρήστε ετικέτα πρώτοι!
|
MARC
| LEADER | 00000cam a2200000 i 4500 | ||
|---|---|---|---|
| 001 | 1/45495 | ||
| 008 | 961114s1995 gr | ||| |||| ||gre|| | ||
| 020 | |a 9607093356 | ||
| 035 | |l 10026154 | ||
| 040 | |a GR-MyUa |b gre |e AACR2 | ||
| 041 | 0 | |a gre | |
| 082 | 7 | |a 338.479195 | |
| 100 | 1 | |a Τσάρτας, Πάρις, |d 1956- | |
| 245 | 1 | 3 | |a Οι κοινωνικές επιπτώσεις του τουρισμού στους νομούς Κερκύρας και Λασιθίου / |c Π. Τσάρτας .. [και ά]. |
| 260 | |a Αθήνα : |b ΕΚΚΕ, |c 1995. | ||
| 300 | |a 375 σ. : |b πίν. ; |c 24 εκ. | ||
| 504 | |a Βιβλιογραφία σ. 362-375. | ||
| 650 | 0 | |a Tourism |x Social aspects |z Greece |z Kerkyra (Nome) | |
| 650 | 0 | |a Tourism |x Social aspects |z Greece |z Lasithi. | |
| 700 | 1 | |a Μαρούντας, Κώστας. | |
| 700 | 1 | |a Φακιόλας, Νίκος. | |
| 700 | 1 | |a Μανώλογλου, Ευδοκία. | |
| 710 | 2 | |a Ελληνικός Οργανισμός Τουρισμού. | |
| 710 | 2 | |a Εθνικό Κέντρο Κοινωνικών Ερευνών. | |
| 852 | |a INST |b CHIOS |e 19961114 |h 338.4791495 ΚΟΙ |p 005200010950 |q 005200010950 |t BK |y 0 | ||
| 852 | |a INST |b CHIOS |e 20040129 |h 338.4791495 ΚΟΙ |p 005200012747 |q 005200012747 |t BK |y 0 | ||
| 852 | |a INST |b CHIOS |e 20010809 |h 338.4791495 ΚΟΙ |p 005200021025 |q 005200021025 |t BK |y 0 | ||
| 852 | |a INST |b LESVOS |e 19980604 |h 338.4791 ΚΟΙ |p 005100025651 |q 005100025651 |t BK |y 0 | ||
| 901 | |a BIBL-1998-2 | ||
| 901 | |a BIBL2-2001-2 | ||
| 901 | |a BIBL2-2004-1 | ||
| 909 | |a Χ |b 047897 | ||
| 909 | |a Χ |b 107821 | ||
| 909 | |a Χ |b 083877 | ||
| 909 | |a Λ |b 057112 | ||
| 922 | |a 1ΕΛΗ |b 199805 |c ΚΠΣ/ΤΚ |d EMVASIS | ||
| 950 | |a 103-1998-02-03 | ||